| 000 | 00768nam a2200229 a 4500 | ||
|---|---|---|---|
| 001 | 000031301 | ||
| 005 | 20240510073819.0 | ||
| 008 | 110617s2008 dr a 000 0 spa d | ||
| 040 |
_aDO-SdBNP _bspa _cBNPHU |
||
| 082 |
_a253.7 _bA772v |
||
| 110 | 2 |
_aArquidiócesis de Santo Domingo (República Dominicana) _937018 |
|
| 245 | 1 | 3 |
_aLa vida es don de Dios : _bámala, cuídala y defiéndela. |
| 260 |
_aSanto Domingo : _bAmigo del Hogar, _c2008. |
||
| 300 |
_a80 p. : _bil. ; _c21 cm. |
||
| 500 | _aPlan pastoral abril 2008. | ||
| 590 | _aInventariado, 2018/ YL | ||
| 650 | 0 |
_aVida cristiana _9668 |
|
| 650 | 4 |
_aEjercicios espirituales _98168 |
|
| 650 | 4 |
_aTeología pastoral _93734 |
|
| 650 | 4 |
_aAcción católica _937021 |
|
| 910 | _aValidado. Control de calidad EMS | ||
| 999 |
_c30793 _d30793 |
||